The people can fly : American promise, Black ... Read More
Available copies
- 1 of 1 copy available at LARL/NWRL Consortium.
- 1 of 1 copy available at Lake Agassiz Regional Library. (Show preferred library)
Current holds
0 current holds with 1 total copy.
Show Only Available Copies
| Location | Call Number / Copy Notes | Barcode | Shelving Location | Status | Due Date |
|---|---|---|---|---|---|
| Moorhead Public Library | 973.0496 BEN (Text) | 33500014356273 | New | Available | - |
Record details
- ISBN: 9780316576024
- ISBN: 0316576026
- Physical Description: x, 261 pages : illustrations ; 25 cm
- Edition: First edition.
- Publisher: New York : Little, Brown and Company, 2026.
Content descriptions
| Bibliography, etc. Note: | Includes bibliographical references (pages ... Read More |
| Formatted Contents Note: | Introduction: What a gift is -- Malcolm and me -- ... Read More |
| Summary, etc.: | "What does promise cost in America? Especially ... Read More |
Search for related items by subject
| Subject: | African Americans. Gifted persons. African Americans > History. HISTORY / African American & Black. Bennett, Joshua Racism United States |
| Genre: | Biographies. |
| LDR | 03916cam a2200673 i 4500 | ||
|---|---|---|---|
| 001 | 482033 | ||
| 003 | LARL_NWRL_CONSORTIUM | ||
| 005 | 20260401163638.0 | ||
| 008 | 251218s2026 nyua b 001 0deng d | ||
| 007 | ta | ||
| 010 | . | ‡a 2025944911 | |
| 040 | . | ‡aIG# ‡beng ‡erda ‡cIG# ‡dOCLCO ‡dUKMGB ‡dOCLCO ‡dTOH ‡dOCLCQ ‡dSIN ‡dJTH ‡dOCLCO ‡dMNN ‡dIUO ‡dHQD ‡dYDX ‡dBDX ‡dDZM ‡dKLP ‡dBKL ‡dCLE ‡dOCLCO ‡dMNN ‡dEEM | |
| 015 | . | ‡aGBC6000757 ‡2bnb | |
| 016 | 7 | . | ‡a300661710 ‡2Uk |
| 019 | . | ‡a1522714734 ‡a1569481320 ‡a1570385331 | |
| 020 | . | ‡a9780316576024 ‡q(hardcover) | |
| 020 | . | ‡a0316576026 ‡q(hardcover) | |
| 024 | 8 | . | ‡aCIPO000320212 |
| 035 | . | ‡a(OCoLC)1535215381 ‡z(OCoLC)1522714734 ‡z(OCoLC)1569481320 ‡z(OCoLC)1570385331 | |
| 043 | . | ‡an-us--- | |
| 082 | 0 | 4. | ‡a973/.0496073 ‡223 |
| 100 | 1 | . | ‡aBennett, Joshua, ‡eauthor. ‡1https://id.oclc.org/worldcat/entity/E39PCjGCv4DfBpbqtgyXH9KYpq |
| 245 | 1 | 4. | ‡aThe people can fly : ‡bAmerican promise, Black prodigies, and the greatest miracle of all time / ‡cJoshua Bennett. |
| 250 | . | ‡aFirst edition. | |
| 264 | 1. | ‡aNew York : ‡bLittle, Brown and Company, ‡c2026. | |
| 300 | . | ‡ax, 261 pages : ‡billustrations ; ‡c25 cm | |
| 336 | . | ‡atext ‡btxt ‡2rdacontent | |
| 336 | . | ‡astill image ‡bsti ‡2rdacontent | |
| 337 | . | ‡aunmediated ‡bn ‡2rdamedia | |
| 338 | . | ‡avolume ‡bnc ‡2rdacarrier | |
| 380 | . | ‡aBook ‡2tlcgt | |
| 385 | . | ‡aAny audience ‡2marctarget | |
| 385 | . | ‡aGeneral ‡2tlctarget | |
| 504 | . | ‡aIncludes bibliographical references (pages 235-246) and index. | |
| 505 | 0 | . | ‡aIntroduction: What a gift is -- Malcolm and me -- The height of light -- Nevertheless, live -- Park Hill interlude -- Auto-bibliography -- James Baldwin interlude -- A land where we never grow old -- The heart is one of the only parts of the body that has its own sign -- Oscar's interlude -- The orbit of our dreaming -- On imagination; or, Notes toward a theory of miracles. |
| 520 | . | ‡a"What does promise cost in America? Especially when that promise is seen as grounds to separate us from the communities we cherish, and framed as the key to success, salvation, survival? In The People Can Fly, Dr. Joshua Bennett explores the complex position of Black prodigies in a society that has, all too often, defined blackness as absence, as a lack of inner life. Through this hybrid work of memoir and cultural history, Dr. Bennett shares how his own academic journey reflected the ebb and flow of being seen as both promising and as a problem. He turns to the childhood archives of Malcolm X, Stevie Wonder, Gwendolyn Brooks, James Baldwin, Nikki Giovanni, and others to further explore this theme: highlighting the role of cultural institutions, and loving communities, in shaping the lives of leading lights within African American culture. What's more, Dr. Bennett clarifies how these spaces--these mentors, teachers, friends, and kin--helped defend young people from a world that sought to exclude them from its vision of promise and possibility."--Publisher description. | |
| 650 | 0. | ‡aAfrican Americans. ‡0(LARL_NWRL_CONSORTIUM)13026 | |
| 650 | 0. | ‡aGifted persons. ‡0(LARL_NWRL_CONSORTIUM)37438 | |
| 650 | 0. | ‡aAfrican Americans ‡xHistory. ‡0(LARL_NWRL_CONSORTIUM)13036 | |
| 650 | 7. | ‡aHISTORY / African American & Black. ‡2bisacsh | |
| 600 | 1 | 7. | ‡aBennett, Joshua ‡2fast |
| 650 | 7. | ‡aRacism ‡2fast ‡0(LARL_NWRL_CONSORTIUM)29272 | |
| 651 | 7. | ‡aUnited States ‡2fast ‡1https://id.oclc.org/worldcat/entity/E39PBJtxgQXMWqmjMjjwXRHgrq ‡0(LARL_NWRL_CONSORTIUM)54625 | |
| 655 | 7. | ‡aBiographies. ‡2lcgft | |
| 936 | . | ‡aBATCHLOAD | |
| 901 | . | ‡a482033 ‡bOCoLC ‡c482033 ‡tbiblio ‡soclc | |

Add to basket
Permalink
Disable Highlighting